Detalles MARC
| 000 -LIDER |
| fixed length control field |
00889nam a22003135b 4500 |
| 001 - NÚMERO DE CONTROL |
| Identificador de número de control |
00400366 |
| 003 - IDENTIFICACDOR DE NÚMERO DE CONTROL |
| control field |
DO-SdBNP |
| 005 - DATE AND TIME OF LATEST TRANSACTION |
| control field |
20180221084838.0 |
| 007 - CAMPOS FIJOS DE DESCRIPCIÓN FÍSICA |
| fixed length control field |
00400366 |
| 008 - ELEMENTOS DE LONGITUD FIJA |
| fixed length control field |
940411r1992 sp | |||| ||spa |
| 016 7# - NO. DE CONTROL DE LA AGENCIA BIB. NACIONAL |
| Record control number |
|
| Source |
BPMSU |
| 017 ## - NÚMERO DE REGISTRO DE DERECHOS DE AUTOR |
| Copyright or legal deposit number |
|
| Assigning agency |
|
| 020 ## - ISBN |
| International Standard Book Number |
8434811235 |
| 035 ## - NÚMERO LOCAL |
| System control number |
|
| 040 ## - FUENTE DE CATALOGACIÓN |
| Agencia que crea de manera original el registro |
BPMSU |
| Idioma de catalogación |
spa |
| Agencia que realiza la transcripción |
BPMSU |
| Convenciones de la despripción |
|
| 080 #0 - NÚMERO DE CLASIFICACIÓN DECIMAL UNIVERSAL |
| Universal Decimal Classification number |
|
| 100 1# - ASIENTO PRINCIPAL -- NOMBRE PERSONAL |
| Nombre personal |
Lalana, Fernando |
| Fechas asociadas con el nombre |
1958- |
| 245 13 - MENCIÓN DE TITULO |
| Título |
El secreto de la arboleda / |
| Mención de responsabilidad |
Fernando Lalana ; ilustraciones, Antonio Tello |
| Medio (Designación general de material) |
|
| 250 ## - MENCIÓN DE EDICION |
| Mención de edición |
13ª ed. |
| 260 ## - PUBLICACIÓN, DISTRIBUCIÓN, ETC. (PIE DE IMPRENTA) |
| Lugar de publicación, distribución, etc |
Madrid : |
| Nombre del editor, distribuidor, etc. |
SM, |
| Fecha de publicación, distribución, etc |
1991 |
| 300 ## - DESCRIPCIÓN FÍSICA |
| Extensión |
113 p. : |
| Otros detalles físicos |
il. |
| Dimensiones |
19 cm |
| 490 1# - MENCIÓN DE SERIES |
| Mención de serie |
El barco de vapor |
| Volume/sequential designation |
34. |
| Mención de serie |
Serie azul |
| Volume/sequential designation |
13 |
| 586 ## - AWARDS NOTE |
| Awards note |
Premio Gran Angular 1984 |
| 700 1# - ASIENTO SECUNDARIO -- NOMBRE PERSONAL |
| Nombre personal |
Tello, Antonio |
| Fechas asociadas con el nombre |
1951- |
| Mención de responsabilidad |
il. |
| 830 #3 - ASIENTO SECUNDARIO DE SERIE--TÍTULO UNIFORME |
| Título uniforme |
El barco de vapor |
| Volume number/sequential designation |
34 |
| Nombre de la parte o sección de una obra |
El barco de vapor |
| 942 ## - ADDED ENTRY ELEMENTS (KOHA) |
| Source of classification or shelving scheme |
Dewey Decimal Classification |
| Koha item type |
Libros |
| 945 ## - INFORMACIÓN DE PROCESAMIENTO LOCAL |
| Información de procesamiento local |
inventariado, 2018 / dg |
| 956 ## - LOCAL ELECTRONIC LOCATION AND ACCESS (OCLC) |
| Nombre de host |
VMATEO |
| Método de acceso |
10 |
| Materiales especificados |
20160405 |
| Enlace |
BPMSU |
| Campo enlazado y núm. de secuencia |
0069 |